|
|
|
|
| LEADER |
00000cam a22000004a 4500 |
| 001 |
musev2_62364 |
| 003 |
MdBmJHUP |
| 005 |
20230905050421.0 |
| 006 |
m o d |
| 007 |
cr||||||||nn|n |
| 008 |
760115s1975 onc o 00 0 eng d |
| 020 |
|
|
|a 9780889207226
|
| 020 |
|
|
|z 0889207224
|
| 020 |
|
|
|z 9780889200173
|
| 035 |
|
|
|a (OCoLC)1132223779
|
| 040 |
|
|
|a MdBmJHUP
|c MdBmJHUP
|
| 100 |
1 |
|
|a Lipp, Solomon,
|d 1913-
|
| 245 |
1 |
0 |
|a Three Chilean Thinkers /
|c Solomon Lipp.
|
| 264 |
|
1 |
|a Waterloo, Ont. :
|b Wilfrid Laurier University Press,
|c 1975.
|
| 264 |
|
3 |
|a Baltimore, Md. :
|b Project MUSE,
|c 2020
|
| 264 |
|
4 |
|c ©1975.
|
| 300 |
|
|
|a 1 online resource (174 pages).
|
| 336 |
|
|
|a text
|b txt
|2 rdacontent
|
| 337 |
|
|
|a computer
|b c
|2 rdamedia
|
| 338 |
|
|
|a online resource
|b cr
|2 rdacarrier
|
| 546 |
|
|
|a English.
|
| 588 |
|
|
|a Description based on print version record.
|
| 600 |
1 |
7 |
|a Molina, Enrique,
|d 1871-1964.
|2 fast
|0 (OCoLC)fst00098981
|
| 600 |
1 |
7 |
|a Letelier, Valentín,
|d 1852-1919.
|2 fast
|0 (OCoLC)fst00210320
|
| 600 |
1 |
7 |
|a Bilbao, Francisco,
|d 1823-1865.
|2 fast
|0 (OCoLC)fst00246366
|
| 600 |
1 |
6 |
|a Molina, Enrique,
|d 1871-
|
| 600 |
1 |
6 |
|a Letelier, Valentin,
|d 1852-1919.
|
| 600 |
1 |
6 |
|a Bilbao, Francisco,
|d 1823-1865.
|
| 600 |
1 |
0 |
|a Molina, Enrique,
|d 1871-1964.
|
| 600 |
1 |
0 |
|a Letelier, Valentín,
|d 1852-1919.
|
| 600 |
1 |
0 |
|a Bilbao, Francisco,
|d 1823-1865.
|
| 650 |
|
7 |
|a Philosophy, Chilean.
|2 fast
|0 (OCoLC)fst01060915
|
| 650 |
|
7 |
|a Intellectual life.
|2 fast
|0 (OCoLC)fst00975769
|
| 650 |
|
7 |
|a PHILOSOPHY
|x History & Surveys
|x Modern.
|2 bisacsh
|
| 650 |
|
6 |
|a Philosophie chilienne.
|
| 650 |
|
0 |
|a Philosophy, Chilean.
|
| 651 |
|
7 |
|a Chile.
|2 fast
|0 (OCoLC)fst01205362
|
| 651 |
|
6 |
|a Chili
|x Vie intellectuelle
|x Histoire.
|
| 651 |
|
0 |
|a Chile
|x Intellectual life
|x History.
|
| 655 |
|
7 |
|a History.
|2 fast
|0 (OCoLC)fst01411628
|
| 655 |
|
7 |
|a Electronic books.
|2 local
|
| 710 |
2 |
|
|a Project Muse.
|e distributor
|
| 830 |
|
0 |
|a Book collections on Project MUSE.
|
| 856 |
4 |
0 |
|z Texto completo
|u https://projectmuse.uam.elogim.com/book/62364/
|
| 945 |
|
|
|a Project MUSE - Custom Collection
|
| 945 |
|
|
|a Project MUSE - Archive Complete Supplement VIII
|
| 945 |
|
|
|a Project MUSE - Archive Philosophy and Religion Supplement VIII
|